| 000 | 00708nam a2200193 a 4500 | ||
|---|---|---|---|
| 008 | 080918s2007 ||||||||||||||||| || u | ||
| 050 | _aIBRD(08)PRWP | ||
| 100 | _aLokshin, Michael | ||
| 245 | 1 | 0 | _aMeasuring welfare gains from better quality infrastructure |
| 260 |
_aWashington, D.C. _bWorld Bank _c2007 |
||
| 300 | _a33p. | ||
| 350 | _a0.00 | ||
| 490 | _aWorld Bank policy research working papers | ||
| 650 | _aINFRASTRUCTURE--ECONOMICS | ||
| 650 | _aPUBLIC WELFARE | ||
| 700 | _aKlytchnikova, Irina | ||
| 710 | _aWorld Bank | ||
| 995 |
_D0.00 _FCBU-MAIN LIBRARY (Kitwe) _H1 _I0.00 _M4217 _UAVAILABLE _WSep 18, 2008 _ZInternational Publications |
||
| 999 |
_c50883 _d50883 |
||